DBSub/G (Record no. 114837)

MARC details
000 -LEADER
fixed length control field 01486cam a2200277 4500
001 - CONTROL NUMBER
control field L157557
008 - FIXED-LENGTH DATA ELEMENTS--GENERAL INFORMATION
fixed length control field 050825n2009 000 0 eng u
020 ## - INTERNATIONAL STANDARD BOOK NUMBER
International Standard Book Number 9780414040137
035 ## - SYSTEM CONTROL NUMBER
System control number (Sirsi) u157557
041 0# - LANGUAGE CODE
Language code of text/sound track or separate title eng
050 04 - LIBRARY OF CONGRESS CALL NUMBER
Classification number 692.8 $2 18
110 2# - MAIN ENTRY--CORPORATE NAME
Corporate name or jurisdiction name as entry element Joint Contracts Tribunal
9 (RLIN) 3664
240 00 - UNIFORM TITLE
Uniform title DBSub/G
245 00 - TITLE STATEMENT
Title DBSub/G
Remainder of title Design and Build Sub-Contract Guide 2005, Revision 2009
260 ## - PUBLICATION, DISTRIBUTION, ETC.
Place of publication, distribution, etc. London
Name of publisher, distributor, etc. Sweet and Maxwell Limited
Date of publication, distribution, etc. 2009
300 ## - PHYSICAL DESCRIPTION
Extent ii, 39p
Dimensions 30cm.
350 ## - PRICE (NR) (BK AM CF MU VM SE) [OBSOLETE]
Price 15.95
505 2# - FORMATTED CONTENTS NOTE
Formatted contents note Introduction -- Details of the sub-contract -- Agreement -- General -- Recitals -- Articles -- Sub-contract particulars -- Attestation -- Schedule of information -- Supplemental particulars -- Conditions -- Definitions and interpretation -- Carrying out the sub-contract works -- Control of the sub-contract works -- Payment -- Valuation of work and variations -- Injury, damage and insurance -- Termination -- Settlement of disputes -- Forms of bonds -- Fluctuations options -- Examples of a priced activity schedule.
520 ## - SUMMARY, ETC.
Summary, etc. Provides a guide to the JCT Design and Build Sub-Contract (2005 edition). Revision
650 24 - SUBJECT ADDED ENTRY--TOPICAL TERM
Topical term or geographic name entry element JCT DESIGN AND BUILD SUBCONTRACT (2005 EDITION) (REVISION 2009)
650 24 - SUBJECT ADDED ENTRY--TOPICAL TERM
Topical term or geographic name entry element JCT DESIGN AND BUILD CONTRACT (2005 EDITION) (REVISION 2009
651 #4 - SUBJECT ADDED ENTRY--GEOGRAPHIC NAME
Geographic name United Kingdom
Chronological subdivision
690 ## - LOCAL SUBJECT ADDED ENTRY--TOPICAL TERM (OCLC, RLIN)
Topical term or geographic name as entry element BUILT ENVIRONMENT-BUILDING CONTRACT FORMS-STANDARD FORMS OF BUILDING CONTRACT-JOINT CONTRACTS TRIBUNAL CONTRACTS
942 ## - ADDED ENTRY ELEMENTS (KOHA)
Suppress in OPAC 0
Holdings
Withdrawn status Lost status Source of classification or shelving scheme Damaged status Not for loan Home library Current library Shelving location Date acquired Total Checkouts Full call number Barcode Date last seen Copy number Price effective from Koha item type
    Dewey Decimal Classification     London London Boxed set 16/01/2013   JCT 2009/19 30075073 13/03/2024 1 06/08/2019 Reference material